header

CompTIA security+ deluxe study guide (Record no. 118366)

MARC details
000 -LEADER
fixed length control field 02788nam a2200373 a 4500
082 04 - DEWEY DECIMAL CLASSIFICATION NUMBER
Classification number 005.8
100 1# - MAIN ENTRY--AUTHOR NAME
Personal name Dulaney, Emmett A.
245 10 - TITLE STATEMENT
Title CompTIA security+ deluxe study guide
250 ## - EDITION STATEMENT
Edition statement 2nd ed.
260 ## - PUBLICATION, DISTRIBUTION, ETC. (IMPRINT)
Place of publication Indianapolis :
Name of publisher Wiley Pub., Inc.,
Year of publication c2011.
300 ## - PHYSICAL DESCRIPTION
Number of Pages lvii, 636 p. :
Other physical details ill.
500 ## - GENERAL NOTE
General note Includes: "A handy tear card that maps every official exam objective"--P. 4 of cover.
General note "Exam SY0-301"--Cover.
General note Includes index.
520 ## - SUMMARY, ETC.
Summary, etc "Get a host of extras with this Deluxe version of our top-selling Security+ study guide!Prepare for CompTIA's new Security+ exam SY0-301 with this Deluxe Edition of our popular CompTIA Security+ Study Guide, 5th Edition. In addition to the 100% coverage of all exam objectives and study tools you'll find in the regular study guide, the Deluxe Edition gives additional hands-on exercises and study aides, three additional practice exams, over 100 additional electronic flashcards, valuable video demonstrations by the author, and an exclusive security administration simulator. Provides 100% coverage of all exam objectives for Security+ exam SY0-301 Packed with a hundred additional pages, located on the CD Features Deluxe-Edition-only additional practice exams and electronic flashcard, video demonstrations, and an exclusive Security Administrator simulator so you can practice in a real-world environment Covers key topics such as general security concepts, communication and infrastructure security, the basics of cryptography, operational security, and more Shows you pages of practical examples and offers insights drawn from the real world Get deluxe preparation, pass the exam, and jump-start your career. It all starts with CompTIA Security+ Deluxe Study Guide, 2nd Edition"--
650 #0 - SUBJECT ADDED ENTRY--TOPICAL TERM
Topical Term Electronic data processing personnel
Topical Term Computer security
Topical Term Computer networks
856 40 - ELECTRONIC LOCATION AND ACCESS
Uniform Resource Identifier http://site.ebrary.com/lib/rucke/Doc?id=10513720
520 ## - SUMMARY, ETC.
-- Provided by publisher.

No items available.

© 2026 Rongo University
Contact us: librarian | system librarian | Rongo university